Szczegóły MARC21

Die Schwarze Spinne : Erzählung /

003 -Nazwa inst., której nr kontr. jest w polu 001 [,]
    • @
    • Nazwa instytucji, której n kontrolny jest w polu 001
    • NUKAT
005 -DATA I CZAS OSTATNIEJ MODYFIKACJI [,]
    • @
    • pole kontrolne
    • 20241231104136.0
020 -Międzynarod. znormalizowany nr książki - ISBN [ , ]
    • a
    • Numer ISBN
    • 3872910507 Find
040 -Instytucja sporządzająca opis [ , ]
    • a
    • Instytucja, która sporządziła opis (NP)
    • SZCZ U/MC
    • b
    • Język katalogowania
    • pol
    • e
    • Zasady katalogowania
    • rda
    • c
    • Instytucja, która sporządziła rekord (NP)
    • SZCZ U/MCs
942 -Rodzaj dokumentu [ , ]
    • c
    • Rodzaj dokumentu
    • Książka
100 -Hasło główne - nazwa osobowa [1, ]
    • a
    • Nazwa osobowa (NP)
    • Gotthelf, Jeremias
    • d
    • Daty biograficzne (NP)
    • (1797-1854).
    • e
    • Rodzaj współpracy
    • Autor
    • 9
    • KHW
    • 236335
240 -Tytuł ujednolicony [1,0]
    • a
    • Tytuł ujednolicony
    • Schwarze Spinne
    • l
    • Język tekstu
    • (niem.)
    • 9
    • KHW
    • 401733
245 -Strefa tytułu i oznaczenia odpowiedzialności [1,4]
    • a
    • Tytuł
    • Die Schwarze Spinne : Find
    • b
    • Ciąg dalszy tytułu (NP)
    • Erzählung / Find
    • c
    • Pozostałe elementy strefy tytułu i oznaczenia odpowiedzialności (NP)
    • Jeremias Gotthelf ; Heftbearbeitung: F. Bruckner und K. Sternelle.
260 -Strefa adresu wydawniczego [ , ]
    • a
    • Miejsce wydania (P)
    • Husum/Nordsee :
    • b
    • Nazwa wydawcy (P)
    • Hamburger Lesehefte Verlag,
    • c
    • Data wydania (P)
    • [1990].
300 -Strefa opisu fizycznego [ , ]
    • a
    • Określenie formy książki i/lub objętość (NP)
    • 88 stron ;
    • c
    • Format (NP)
    • 20 cm.
336 -Typ zawartości [ , ]
    • a
    • Termin opisujący typ zawartości
    • Tekst
    • b
    • Kod określający zawartość
    • txt
    • 2
    • Źródło (terminu i kodu)
    • rdacontent
337 -Typ mediów [ , ]
    • a
    • Tryb odtwarzania
    • Bez urządzenia pośredniczącego
    • b
    • Kod typu mediów
    • n
    • 2
    • Źródło (terminu i kodu)
    • rdamedia
338 -Typ/rodzaj nośnika [ , ]
    • a
    • Hasło opisujące typ nośnika
    • Wolumin
    • b
    • Kod typu nośnika
    • nc
    • 2
    • Źródło (terminu i kodu)
    • rdacarrier
380 -Deskryptor - Forma dzieła (P) [ , ]
    • a
    • forma dzieła (NP)
    • Dramat (rodzaj)
490 -Strefa serii i książki wielotomowej - forma nie do wyszukiwania [1, ]
    • a
    • Tytuł (P)
    • Hamburger Leseheft ; Find
    • v
    • Numeracja (P)
    • H. 51
830 -Hasło dodatkowe serii i opisu książki wielotomowej - tytuł ujednolicony/tytuł [ ,0]
    • a
    • Tytuł ujednolicony/tytuł (NP)
    • Hamburger Leseheft
    • v
    • Oznaczenie tomu (NP)
    • H. 51
    • 9
    • KHW
    • 401732
500 -Uwaga ogólna [ , ]
    • a
    • Uwaga ogólna (NP)
    • Data wydania przejęta z KOBV Berlin-Brandenburg.
500 -Uwaga ogólna [ , ]
    • a
    • Uwaga ogólna (NP)
    • Ungekürzter Text.
080 -Uniwersalna Klasyfikacja Dziesiętna [ , ]
    • a
    • Symbol klasyfikacji
    • 830-32=30
655 -Hasło w funkcji tematu formalnego [ ,7]
    • a
    • Hasło
    • Nowele szwajcarskie w języku niemieckim
    • y
    • Określnik chronologiczny
    • 19 w.
    • 2
    • Źródło terminu
    • kaba
    • 9
    • KHW
    • 359201
980 -Symbol UKD [ , ]
    • a
    • UKD
    • 830-32=30
700 -Hasło dodatkowe - nazwa osobowa [1, ]
    • a
    • Nazwa osobowa (NP)
    • Bruckner, Ferdinand Find
    • d
    • Daty biograficzne (NP)
    • (1891-1958).
    • e
    • Określenie rodzaju współpracy
    • Redakcja
    • 9
    • KHW
    • 231039
700 -Hasło dodatkowe - nazwa osobowa [1, ]
    • a
    • Nazwa osobowa (NP)
    • Sternelle, Kurt. Find
    • e
    • Określenie rodzaju współpracy
    • Redakcja
    • 9
    • KHW
    • 418384
710 -Hasło dodatkowe - nazwa ciała zbiorowego [2, ]
    • a
    • Nazwa ciała zbiorowego lub nazwa geograficzna jako pierwszy element (NP)
    • Husum Druck- und Verlagsgesellschaft.
    • e
    • Rodzaj współpracy
    • Wydawca
    • 4
    • Kod relacji
    • pbl
    • 9
    • KHW
    • 401902
920 -ISBN [ , ]
    • a
    • ISBN
    • 3-87291-050-7 Find
Data inwentaryzacji Lokalizacja Numer inwentarzowy Status udost. Sygnatura
1994-01-12BMG.10681-3Germ. Opowiadania szwajcarskie
1994-01-12BMG.10682-3Germ. Opowiadania szwajcarskie
1994-01-12BMG.10683-3Germ. Opowiadania szwajcarskie
1994-01-12BMG.10684-3Germ. Opowiadania szwajcarskie
1994-01-12BMG.9341-3Germ. Opowiadania szwajcarskie
1994-01-12BMG.9342-3Germ. Opowiadania szwajcarskie
1994-01-12BMG.9343-3Germ. Opowiadania szwajcarskie
1994-01-12BMG.9344-3Germ. Opowiadania szwajcarskie
1994-01-12BMG.9345-3Germ. Opowiadania szwajcarskie
1994-01-12BMG.9346-3Germ. Opowiadania szwajcarskie
1994-01-12BMG.9347-3Germ. Opowiadania szwajcarskie
1994-01-12BMG.9348-3Germ. Opowiadania szwajcarskie
1994-01-12BMG.9349-3Germ. Opowiadania szwajcarskie
1994-01-12BMG.9350-3Germ. Opowiadania szwajcarskie